Statistics for U.S. State Birds Quiz

Click here to take the quiz!

General Stats

  • This quiz has been taken 18,794 times
  • The average score is 9 of 29

Answer Stats

StatesBird% Correct
Illinois, IN, KY, NC, Ohio, Virginia, WVNorthern cardinal
89%
Connecticut, Michigan, WisconsinAmerican robin
64%
MarylandBaltimore oriole
46%
LouisianaBrown pelican
45%
MissouriEastern bluebird
43%
Idaho, NevadaMountain bluebird
43%
New HampshirePurple finch
41%
Arkansas, Florida, Miss., Tenn., TexasNorthern mockingbird
37%
New MexicoRoadrunner
34%
UtahCalifornia gull
32%
DelawareDelaware Blue Hen
31%
ArizonaCactus wren
29%
South CarolinaCarolina wren
29%
Rhode IslandRhode Island Red
28%
Maine, MassachusettsBlack-capped chickadee
26%
CaliforniaCalifornia quail
25%
MinnesotaCommon loon
23%
Iowa, New JerseyEastern goldfinch
22%
WashingtonWillow goldfinch
22%
South DakotaRing-necked pheasant
21%
HawaiiNēnē
20%
Kansas, Montana, Nebraska, ND, Oregon, WYWestern meadowlark
20%
PennsylvaniaRuffed grouse
18%
VermontHermit thrush
15%
AlabamaNorthern flicker
15%
AlaskaWillow ptarmigan
13%
ColoradoLark bunting
12%
GeorgiaBrown thrasher
11%
OklahomaScissor-tailed flycatcher
11%

Score Distribution

Percentile by Number Answered

Percent of People with Each Score

Your Score History

You have not taken this quiz